Responses for Show #3351 - Monday, March 15, 1999

Contestants

[<< previous game]

Michael Skeldon, a graduate student from Northridge, California

Robin McCreery, a claims representative from Coos Bay, Oregon

Erin Weller, a history teacher from Evanston, Illinois (whose 1-day cash winnings total $5,800)

[next game >>]

Jeopardy! Round responses

THE IDES OF MARCH
(Alex: In honor of today!)
MOV"ING" PICTURES
KNOWN BY THEIR INITIALS
(Alex: Give me the full name, please!)
BIRD WORDS & PHRASES
THE NEW $20 BILL
(Alex: So don't reach into your pockets!)
CURSES!
    $100 21
Christopher Columbus

Erin
    $100 9
Staying Alive

Erin
    $100 1
P.T. Barnum

Robin
    $100 16
Two in the bush

Robin
    $100 26
Counterfeiters

Michael
    $100 6
(Robin: What are pigeons?)

chickens

Robin
Triple Stumper
    $200 22
Richard Burton

Erin
    $200 12
Desperately Seeking Susan

Erin
    $200 2
A.J. Foyt

Erin
    $200 17
Ostrich

Michael
    $200 27
Green

Robin
    $200 7
Hope Diamond

Erin
    $300 23
(Robin: What is the VFW?)
(Michael: What is the American Red Cross?)
(Erin: What is the League of Nations?)

the American Legion

ErinRobinMichael
Triple Stumper
    $300 13
Mississippi Burning

Erin
    $300 3
I.M. Pei

Robin
    $300 18
Canary

Erin
    $300 28
(Michael: What is Secretary of the Treasury?)

Treasurer of the United States

Michael
Triple Stumper
    $300 8
Dudley Do-Right

Michael
    $400 24
(Michael: Who is Sandra Day O'Connor?)
...
(Alex: We have less than a minute to go...)

Ruth Bader Ginsburg

RobinMichael
    $400 14
Missing

Michael
    $400 4
B.F. Skinner

Erin
    $400 19
Cock & bull story

Triple Stumper
    $400 29
[The end-of-round signal sounds.]

The White House (when Andrew Jackson moved in)

Robin
    $400 10
Moses

Triple Stumper
    $500 25
Nicholas II

Michael
    $500 15
Flying Down to Rio

Robin
    $500 5
H.R. Haldeman

Erin
    $500 20
Cockatoo

Erin
    $500 11
Dashiell Hammett

Triple Stumper

Scores at the first commercial break (after clue 15):

Erin Robin Michael
$1,900 $800 $700

Scores at the end of the Jeopardy! Round:

Erin Robin Michael
$2,700 $1,600 $500

Double Jeopardy! Round responses

MANHATTAN
BANANAS
EVERYTHING YOU ALWAYS WANTED TO KNOW ABOUT SEX
INTERIORS
MIGHTY APHRODITE
RADIO DAYS
(Alex: It looks like all of these categories have to do with the same person, but that is not the case!)
    $200 26
Bloomingdale's

Michael
    $200 21
Chiquita

Robin
    $200 7
Uterus

Robin
    $200 16
Curtain

Erin
    $200 6
(Robin: Who is Mars?)
(Erin: Who is Apollo?)
(Michael: Who is Jupiter?)
...
(Alex: Mars is the Roman god of war.)

Ares

ErinRobinMichael
Triple Stumper
    $200 1
Little Orphan Annie

Erin
    $400 22
"Yes! We Have No Bananas"

Robin
    $400 8
Stamen

Michael
    $400 17
(Erin: What is a canopy bed?)

a four-poster

Erin
Triple Stumper
    $400 12
Aphrodisiac

Robin
    $400 2
Lucille Ball

Erin
    $600 23
Banana slug

Robin
    $600 9
Zygote

Robin
    $600 18
Slats

Robin
    $1,600 13
(Alex: And Aphrodite let him take Helen back to Troy.)

Paris

Robin
    $600 3
Molly

Michael
    $300 28
(Michael: What are skirt-chasers?)
...
[The end-of-round signal sounds.]

23 skidoo

Michael
    $800 24
(Alex: With less than a minute to go...)

Pajamas

Erin
    $800 10
Androgens

Erin
    $800 19
Sleigh bed

Robin
    $800 14
Aeneas

Erin
    $800 4
(Michael: What is The Thin Man?)

The Third Man

Michael
Triple Stumper
    $1000 27
Elaine's

Triple Stumper
    $1000 25
Bananas Foster

Robin
    $1000 11
Meiosis

Erin
    $1000 20
(Erin: What is a banquet?)
...
(Alex: You gave the word for feast, but it was part of a larger word.)

banquette

Erin
Triple Stumper
    $1000 15
Orpheus

Triple Stumper
    $1000 5
Captain Midnight

Triple Stumper

Scores at the end of the Double Jeopardy! Round:

Erin Robin Michael
$5,300 $7,800 $400

[wagering suggestions for these scores]

Final Jeopardy! Round responses

NATIONAL PARKS
MichaelWhat is Arlington National Cemetery
$398
ErinWhat are The Everglades?
$4,499
RobinWhat are The Everglades
$3,000
Everglades National Park (in Florida)

Final scores:

Erin Robin Michael
$9,799 $10,800 $2
2nd place: Cruise on Norwegian Cruise Lines New champion: $10,800 3rd place: Motorola TracFone & six months airtime

Game dynamics:

Coryat scores:

Erin Robin Michael
$5,300 $6,800 $700
18 R,
4 W
17 R
(including 2 DDs),
3 W
8 R,
6 W
(including 1 DD)

Combined Coryat: $12,800

[game clues] [game scores] [suggest correction]

Game tape date: Unknown
The J! Archive is created by fans, for fans. Scraping, republication, monetization, and malicious use prohibited; this site may use cookies and collect identifying information. See terms. The Jeopardy! game show and all elements thereof, including but not limited to copyright and trademark thereto, are the property of Jeopardy Productions, Inc. and are protected under law. This website is not affiliated with, sponsored by, or operated by Jeopardy Productions, Inc. Join the discussion at JBoard.tv.